| 000 | 010640000a22002290004500 | ||
|---|---|---|---|
| 020 | _a978-84-7485-637-8 | ||
| 082 | 0 | 4 | _aG 128 B481a |
| 100 | 1 | _aBeorlegui, Carlos | |
| 245 | 1 | 0 | _aAntropología filosófica : Nosotros : urdimbre solidaria y responsable / Carlos Beorlegui |
| 250 | _aTercera edición | ||
| 260 | _aBilbao : Universidad de Deusto | ||
| 300 | _a523 páginas | ||
| 440 | 0 | _aColección Filosofía ; número 28 | |
| 501 | _arústico | ||
| 505 | 0 | 0 | _aLa antropología en búsqueda de su identidad -- Las ciencias humanas y las antropologías -- Diversidad de saberes antropológicos -- El estatuto epistemológico de la Antropología filosófica -- El estatuto crítico-ideológico de la Antropología filosófica -- Surgimiento de la Antropología filosófica -- Problemática de la Antropología filosófica y su situación actual |
| 650 | 1 | 4 | _aANTROPOLOGIA FILOSOFICA \ FILOSOFIA Y RELIGION |
| 001 | 18632 | ||
| 942 | _cBK | ||
| 999 |
_c45048 _d45048 |
||
| 336 |
_atexto _btxt _2rdacontent |
||
| 337 |
_2rdamedia _asin mediación _bn |
||
| 338 |
_2rdacarrier _avolumen _bnc |
||